[Event "2021 NA Class B Champ., Rd 1, S10010"]
[Site "CCLA"]
[Date "2021.04.23"]
[Round "1"]
[White "Mann, Wallace"]
[Black "Catania, Duane"]
[Result "1/2-1/2"]
[WhiteElo "1714"]
[BlackElo "1618"]

1. e4 e6 2. b3 d5 3. Bb2 Nf6 4. e5 Nfd7 5. Qg4 c5 6. f4 Nc6 7. Nf3 h6 8. 
Be2 a6 9. O-O b5 10. d4 g6 11. Qh3 Nb6 12. Nbd2 c4 13. c3 Bd7 14. Bd1 a5 
15. bxc4 Nxc4 16. Nxc4 bxc4 17. a4 Rb8 18. Bc1 Ne7 19. g4 Bc6 20. Bc2 Kd7 
21. Ng5 Qe8 22. Nf3 Rb7 23. Rf2 Rg8 24. Qf1 h5 25. h3 hxg4 26. hxg4 Rh8 
27. Rh2 Rxh2 28. Kxh2 Bg7 29. Kg3 Rb8 30. Ba3 Nc8 31. Rb1 Rxb1 32. Qxb1 
Bf8 33. Qa2 Bxa3 34. Qxa3 Qe7 35. Qc5 Qxc5 36. dxc5 Kc7 37. Nd4 Na7 38. f5
gxf5 39. gxf5 Bd7 40. Kf4 Nc6 41. Nb5+ Kd8 42. f6 1/2-1/2

[Event "2021 NA Class B Champ., Rd 1, S10010"]
[Site "CCLA"]
[Date "2021.04.23"]
[Round "1"]
[White "Mann, Wallace"]
[Black "Askvig, Brent"]
[Result "1/2-1/2"]
[WhiteElo "1714"]
[BlackElo "1644"]

1. e4 c5 2. b3 Nc6 3. Bb2 e6 4. Nf3 Nf6 5. e5 Nh5 6. g3 d5 7. Bb5 Qc7 8. 
Qe2 g6 9. O-O Bd7 10. Bxc6 Bxc6 11. Re1 Be7 12. d4 O-O 13. Qe3 c4 14. Na3 
b5 15. c3 a5 16. bxc4 dxc4 17. Nc2 Qb7 18. Nd2 Ng7 19. f3 Nf5 20. Qf2 Rfd8
21. a3 Bd5 22. Rab1 Rab8 23. Ne4 Qc7 24. Qd2 Kg7 25. Kg2 Bc6 26. Re2 Bd5 
27. Qe1 Rb7 28. Bc1 Rdb8 29. Bg5 Bxe4 30. Bxe7 Bxf3+ 31. Kxf3 Nxe7 32. Kf2
Nd5 33. Qd2 Qe7 34. Ree1 Qc7 35. Kg2 Qc6 36. Kf2 Qc7 37. Kg2 Qc6 1/2-1/2

[Event "2021 NA Class B Champ., Rd 1, S10010"]
[Site "CCLA"]
[Date "2021.04.23"]
[Round "1"]
[White "Catania, Duane"]
[Black "Rouse, LaMont"]
[Result "0-1"]
[WhiteElo "1618"]
[BlackElo "1677"]

1. e4 d5 2. exd5 Nf6 3. d4 Qxd5 4. Nc3 Qd8 5. Nf3 Bg4 6. Bb5+ c6 7. Be2 e6
8. h3 Bh5 9. O-O Be7 10. Bf4 O-O 11. Re1 Nbd7 12. Ne5 Bxe2 13. Qxe2 Nxe5 
14. Bxe5 Nd5 15. Rad1 Nxc3 16. bxc3 Bf6 17. Rd3 Bxe5 18. Qxe5 Qd5 19. Qxd5
cxd5 20. Rb1 b6 21. a4 Rfc8 22. Rb5 Rc4 23. a5 bxa5 24. Rxa5 g6 25. Kf1 
Rac8 26. Rxa7 Rxc3 27. Ra2 Rxc2 28. Rd2 Rxa2 29. Rxa2 Kg7 30. Ke2 Kf6 31. 
Kd3 h5 32. Ra7 Rb8 33. g3 Rb3+ 34. Ke2 g5 35. Ra8 Kf5 36. Rh8 Kg6 37. Rg8+
Kf5 38. Rh8 Ke4 39. Ra8 Rb2+ 40. Ke1 Kxd4 41. Ra3 Rb4 42. g4 hxg4 43. hxg4
f5 44. gxf5 exf5 45. Kf1 f4 46. Ke2 g4 47. Ke1 Kc4 0-1

[Event "2021 NA Class B Champ., Rd 1, S10010"]
[Site "CCLA"]
[Date "2021.04.23"]
[Round "1"]
[White "Catania, Duane"]
[Black "Strelecky, Rich"]
[Result "0-1"]
[WhiteElo "1618"]
[BlackElo "1805"]

1. e4 b6 2. d4 Bb7 3. Bd3 e6 4. Nf3 Nf6 5. Qe2 Be7 6. O-O O-O 7. c4 Na6 8.
 a3 c5 9. d5 d6 10. Nc3 Nc7 11. b4 Re8 12. Qc2 exd5 13. exd5 b5 14. Nxb5 
Nxb5 15. cxb5 cxb4 16. Rd1 Bxd5 17. Nd4 Rc8 18. Qa4 bxa3 19. Bxa3 Be4 20. 
Bxe4 Nxe4 21. Nf5 Bf8 22. Re1 Qf6 23. f3 Nc3 24. Rxe8 Nxa4 25. Rxc8 Qxa1+ 
26. Kf2 Qa2+ 27. Kg3 Qe6 28. Nxd6 Qe1+ 29. Kh3 Qe6+ 30. g4 Nb6 31. Re8 Qb3
0-1

[Event "2021 NA Class B Champ., Rd 1, S10010"]
[Site "CCLA"]
[Date "2021.04.23"]
[Round "1"]
[White "Catania, Duane"]
[Black "Mann, Wallace"]
[Result "0-1"]
[WhiteElo "1618"]
[BlackElo "1714"]

1. e4 e5 2. Nf3 Nc6 3. Bc4 Nf6 4. Ng5 Bc5 5. Nxf7 Bxf2+ 6. Kf1 Qe7 7. Nxh8
d5 8. Qf3 Bb6 9. Bxd5 Bg4 10. Bxc6+ bxc6 11. Qc3 O-O-O 12. Qxc6 Rf8 13. 
Ke1 Nd7 14. d3 Qh4+ 15. g3 Qh3 16. Kd2 Ba5+ 0-1

[Event "2021 NA Class B Champ., Rd 1, S10010"]
[Site "CCLA"]
[Date "2021.04.23"]
[Round "1"]
[White "Catania, Duane"]
[Black "Askvig, Brent"]
[Result "1-0"]
[WhiteElo "1618"]
[BlackElo "1644"]

1. e4 c5 2. d4 cxd4 3. Nf3 Nc6 4. Bc4 Nf6 5. e5 Nxe5 6. Bb3 Ng6 7. Nxd4 d5
8. O-O e6 9. Re1 Be7 10. Nc3 O-O 11. Nf3 a6 12. Qe2 Qc7 13. Bg5 h6 14. Bd2
Bd7 15. Rad1 Rfe8 16. h3 Rad8 17. Be3 b5 18. a3 Bc6 19. Bc1 Bd6 20. a4 Bb4
21. axb5 Bxc3 22. bxc3 Bxb5 23. Qe3 Ne4 24. Bb2 Ne7 25. Nd4 Rc8 26. Nxb5 
axb5 27. Rd3 Nf5 28. Qf3 Ng5 29. Qg4 Qd7 30. c4 bxc4 31. Bxc4 Qb7 32. Rb3 
Rxc4 33. Qxc4 dxc4 34. Rxb7 Rc8 35. Bc3 Nh7 36. Reb1 1-0

[Event "2021 NA Class B Champ., Rd 1, S10010"]
[Site "CCLA"]
[Date "2021.04.23"]
[Round "1"]
[White "Askvig, Brent"]
[Black "Rouse, LaMont"]
[Result "1-0"]
[WhiteElo "1644"]
[BlackElo "1677"]

1. e4 d5 2. exd5 Nf6 3. Bb5+ Bd7 4. Be2 Nxd5 5. d4 Nb6 6. Nf3 g6 7. c4 Bg7
8. Nc3 O-O 9. h3 Nc6 10. O-O a6 11. Be3 Bf5 12. a3 h6 13. Rc1 Re8 14. Qd2 
e5 15. d5 Na5 16. Qd1 Naxc4 17. Bxb6 Nxb6 18. Re1 Qd6 19. g4 Bd7 20. Bf1 
f5 21. gxf5 gxf5 22. Bg2 e4 23. Nd2 Qg6 24. Kh1 Kh7 25. Nf1 Rad8 26. Qc2 
Be5 27. Nxe4 fxe4 28. Bxe4 1-0

[Event "2021 NA Class B Champ., Rd 1, S10010"]
[Site "CCLA"]
[Date "2021.04.23"]
[Round "1"]
[White "Askvig, Brent"]
[Black "Strelecky, Rich"]
[Result "0-1"]
[WhiteElo "1644"]
[BlackElo "1805"]

1. e4 b6 2. d4 Bb7 3. Bd3 e6 4. Nf3 c5 5. c3 Nf6 6. Nbd2 Be7 7. O-O O-O 8.
 Qe2 Nh5 9. Nc4 d5 10. Nce5 c4 11. g3 cxd3 12. Nxd3 dxe4 13. Nfe5 exd3 14.
 Qxh5 Qd5 15. f3 f6 16. Bd2 fxe5 17. dxe5 Rxf3 0-1

[Event "2021 NA Class B Champ., Rd 1, S10010"]
[Site "CCLA"]
[Date "2021.04.23"]
[Round "1"]
[White "Askvig, Brent"]
[Black "Mann, Wallace"]
[Result "0-1"]
[WhiteElo "1644"]
[BlackElo "1714"]

1. e4 e5 2. Nf3 Nc6 3. Bb5 a6 4. Bxc6 dxc6 5. O-O Ne7 6. Nxe5 Qd4 7. Qh5 
g6 8. Qg5 Bg7 9. Nd3 f5 10. e5 c5 11. b3 b6 12. Nc3 Qg4 13. Qxg4 fxg4 14. 
Bb2 Bb7 15. Rfe1 O-O-O 16. Re2 Nf5 17. Rc1 Bh6 18. Ne4 Bg7 19. Nf6 Nd4 20.
 Bxd4 Rxd4 21. Rce1 h5 22. Nc1 Bh6 23. d3 Rf4 24. Ne4 h4 25. Nf6 g3 26. f3
gxh2+ 27. Kxh2 Rf5 28. Ne4 Rxe5 29. d4 cxd4 30. Nd3 Re6 31. Ndf2 c5 32. 
Ng4 Bf4+ 33. Kh3 a5 34. Nef6 Rxe2 35. Rxe2 Rd8 36. Nf2 Ba6 37. Re6 Rd6 38.
 Rxd6 Bxd6 39. Kxh4 Bf1 40. g3 c4 41. f4 c3 42. N6e4 Bb4 43. Kg5 d3 0-1

[Event "2021 NA Class B Champ., Rd 1, S10010"]
[Site "CCLA"]
[Date "2021.04.23"]
[Round "1"]
[White "Askvig, Brent"]
[Black "Catania, Duane"]
[Result "0-1"]
[WhiteElo "1644"]
[BlackElo "1618"]

1. e4 e6 2. d3 d5 3. Nd2 Nf6 4. Ngf3 c5 5. g3 Nc6 6. Bg2 Be7 7. O-O O-O 8.
 e5 Nd7 9. Re1 Qc7 10. Qe2 a6 11. Nf1 b5 12. Bf4 Bb7 13. c3 c4 14. d4 b4 
15. Bg5 Bxg5 16. Nxg5 a5 17. Bh3 h6 18. Bxe6 hxg5 19. Bxd5 Nxd4 20. Bxf7+ 
Rxf7 21. cxd4 Qc6 22. Qe4 Qxe4 23. Rxe4 Bxe4 24. e6 Re7 25. exd7 Rxd7 26. 
Rd1 Rad8 0-1

[Event "Server NA Class C Ch. Rd 1, S10012"]
[Site "CCLA"]
[Date "2021.04.23"]
[Round "?"]
[White "Burrus, Michael"]
[Black "Ishler, Mark P."]
[Result "1-0"]
[WhiteElo "1555"]
[BlackElo "1661"]

1. d4 Nf6 2. c4 e6 3. Nc3 Bb4 4. Qc2 d5 5. cxd5 Qxd5 6. Nf3 Qf5 7. Qb3 Nc6
8. Bd2 O-O 9. h3 a5 10. g4 Qg6 11. Nh4 Nxd4 12. Qc4 Qc2 13. Qxd4 c5 14. 
Qd3 Qxb2 15. Rb1 Bxc3 16. Rxb2 Bxb2 17. Bg2 Ra6 18. O-O Be5 19. Nf3 Bc7 
20. Qc4 b6 21. Bc3 Nd5 22. Ba1 Ra7 23. Ne5 Ba6 24. Qc2 f6 25. Nf3 Nf4 26. 
Re1 Rd8 27. Bf1 Bd6 28. Rd1 Rad7 29. g5 Ng6 30. gxf6 Bh2+ 31. Kxh2 Rxd1 
32. f7+ Kxf7 33. Ng5+ Ke7 34. Qe4 Bc8 35. Nxh7 Rxa1 36. Bg2 Nf8 37. Qh4+ 
Kd7 38. Bc6+ Kc7 39. Qe7+ Nd7 40. Bf3 c4 41. Ng5 Rg8 42. Nxe6+ Kb8 43. 
Qd6+ Ka7 44. Qc7+ Ka6 45. Qxc4+ b5 46. Nc7+ 1-0

[Event "Server NA Class C Ch. Rd 1, S10012"]
[Site "CCLA"]
[Date "2021.04.23"]
[Round "?"]
[White "Burrus, Michael"]
[Black "Cangelosi, Dominic"]
[Result "1-0"]
[WhiteElo "1555"]
[BlackElo "1422"]

1. e4 d5 2. exd5 Qxd5 3. Nc3 Qd8 4. d4 e5 5. dxe5 Qxd1+ 6. Nxd1 Bb4+ 7. c3
Bc5 8. Be3 Bb6 9. Bc4 Be6 10. Bb3 Nh6 11. Bxe6 fxe6 12. Bxh6 gxh6 13. Ne2 
Nc6 14. f4 O-O-O 15. Nf2 Bxf2+ 16. Kxf2 Rhf8 17. Ke3 Ne7 18. Rad1 Rd5 19. 
Rxd5 Nxd5+ 20. Ke4 c5 21. Rf1 Rf5 22. g4 Rf7 23. f5 Ne7 24. Ng3 Kd8 25. 
Nh5 Nd5 26. Rd1 Rd7 27. Rd3 Ke8 28. fxe6 1-0

[Event "Server NA Class C Ch. Rd 1, S10012"]
[Site "CCLA"]
[Date "2021.04.23"]
[Round "?"]
[White "Burrus, Michael"]
[Black "Gunning, Edward E."]
[Result "0-1"]
[WhiteElo "1555"]
[BlackElo "1469"]

1. e4 c5 2. Nf3 Nc6 3. d4 e6 4. Nc3 d5 5. e5 c4 6. Be2 f6 7. a3 Be7 8. Be3
Bd7 9. O-O Qc7 10. Bf4 O-O-O 11. Qd2 Qb6 12. Rfe1 a6 13. Bf1 g5 14. exf6 
Bxf6 15. Bxg5 h6 16. Bxf6 Nxf6 17. Rab1 Qc7 18. g3 Rdg8 19. Ne5 Nxe5 20. 
Rxe5 h5 21. h4 Ng4 22. Ree1 Rf8 23. Re2 Nxf2 24. Rxf2 Qxg3+ 25. Rg2 Qxh4 
26. Re1 Rf3 27. Re3 Rhf8 28. Rxf3 Rxf3 29. Rh2 Qg4+ 30. Rg2 Qf5 31. Rg8+ 
Kc7 32. Qg2 h4 33. Be2 Re3 34. Rg5 Qxc2 35. Qh2+ Kc6 36. Rg2 Qxb2 37. Na4 
Qxd4 0-1

[Event "Server NA Class C Ch. Rd 1, S10012"]
[Site "CCLA"]
[Date "2021.04.23"]
[Round "?"]
[White "Burrus, Michael"]
[Black "Vecchio, Ralph"]
[Result "1-0"]
[WhiteElo "1555"]
[BlackElo "1412"]

1. Nf3 d5 2. d4 c6 3. c4 Nf6 4. Nc3 e6 5. e3 Nbd7 6. Qc2 Bd6 7. Bd3 b6 8. 
O-O Bb7 9. cxd5 cxd5 10. Nb5 Qe7 11. Nxd6+ Qxd6 12. Bd2 Rc8 13. Bc3 Ng4 
14. Qe2 Ndf6 15. h3 Nh6 16. a3 O-O 17. Bb4 Qd7 18. Bxf8 Kxf8 19. Rac1 Ne4 
20. Ne5 Qd8 21. Bb5 a6 22. Bxa6 Nd6 23. Bxb7 Nxb7 24. Qb5 Ke7 25. Nc6+ 1-0

[Event "Server NA Class C Ch. Rd 1, S10012"]
[Site "CCLA"]
[Date "2021.04.23"]
[Round "?"]
[White "Ishler, Mark P."]
[Black "Burrus, Michael"]
[Result "1/2-1/2"]
[WhiteElo "1661"]
[BlackElo "1555"]

1. e4 c6 2. d4 d5 3. Nc3 dxe4 4. Nxe4 Nd7 5. Bc4 Ngf6 6. Ng5 e6 7. Qe2 Nb6
8. Bd3 h6 9. N5f3 c5 10. dxc5 Bxc5 11. Ne5 O-O 12. Ngf3 Nbd7 13. O-O Nxe5 
14. Nxe5 Nd7 15. Nxd7 Bxd7 16. Qh5 Qe7 17. Re1 Rfc8 18. Re4 Bd6 19. Bxh6 
Rc5 20. Qh3 g6 21. Qg4 Rh5 22. Bf4 e5 23. Qe2 Qf6 24. Bg3 Bc6 25. Rg4 Bd7 
26. Re4 Bc6 27. Rg4 Bd7 28. Re4 1/2-1/2

[Event "Server NA Class C Ch. Rd 1, S10012"]
[Site "CCLA"]
[Date "2021.04.23"]
[Round "?"]
[White "Ishler, Mark P."]
[Black "Cangelosi, Dominic"]
[Result "1-0"]
[WhiteElo "1661"]
[BlackElo "1422"]

1. e4 d5 2. exd5 Qxd5 3. Nc3 Qa5 4. d4 e5 5. dxe5 Bb4 6. Bd2 Qxe5+ 7. Qe2 
Qxe2+ 8. Bxe2 Nf6 9. Nf3 O-O 10. O-O Bf5 11. Nd4 Bg6 12. a3 Bc5 13. Nb3 
Bb6 14. Rac1 Nbd7 15. Na4 Rae8 16. Nxb6 axb6 17. Bf3 Ne4 18. Bf4 c6 19. 
Rcd1 Ne5 20. Bxe4 Bxe4 21. Na1 f5 22. Rfe1 Nc4 23. Rd4 Nxb2 24. Rd7 c5 25.
 Bd6 Rf6 26. f3 {Black withdrawn} 1-0

[Event "Server NA Class C Ch. Rd 1, S10012"]
[Site "CCLA"]
[Date "2021.04.23"]
[Round "?"]
[White "Ishler, Mark P."]
[Black "Gunning, Edward E."]
[Result "1-0"]
[WhiteElo "1661"]
[BlackElo "1469"]

1. e4 c5 2. Nf3 Nc6 3. d4 e6 4. d5 exd5 5. exd5 Nce7 6. d6 Nf5 7. Qe2+ 
Nge7 8. dxe7 Bxe7 9. Qd3 g6 10. Be2 d6 11. O-O Bd7 12. Nc3 O-O 13. Nd5 b5 
14. Nxe7+ Qxe7 15. Re1 Bc6 16. Bg5 f6 17. Bf4 Qd7 18. Nd2 c4 19. Qh3 Bd5 
20. Bg4 Be6 21. Ne4 Rae8 22. Nxd6 Nd4 23. Bxe6+ Rxe6 24. Rxe6 Nxe6 25. Re1
f5 26. Qe3 Nxf4 27. Qxf4 Rf6 28. Rd1 Re6 29. Qd4 Qe7 30. Qd2 Qd7 31. b3 c3
32. Qd5 Kf8 33. g3 Ke7 34. Nxf5+ 1-0

[Event "Server NA Class C Ch. Rd 1, S10012"]
[Site "CCLA"]
[Date "2021.04.23"]
[Round "?"]
[White "Ishler, Mark P."]
[Black "Vecchio, Ralph"]
[Result "1-0"]
[WhiteElo "1661"]
[BlackElo "1412"]

1. e4 e5 2. Nf3 Nc6 3. Bb5 a6 4. Ba4 Nf6 5. O-O b5 6. Bb3 Be7 7. Re1 O-O 
8. c3 d5 9. exd5 Nxd5 10. Nxe5 Nxe5 11. Rxe5 Bb7 12. Qf3 c6 13. d4 Bd6 14.
 Re1 Qc7 15. h3 Nf6 16. Bc2 c5 17. Qf5 Rfe8 18. Be3 cxd4 19. cxd4 Bc8 20. 
Qd3 Bb7 21. Nd2 Qc6 22. Nf3 Rad8 23. Bg5 Rxe1+ 24. Rxe1 Qc7 25. Bxf6 g6 
26. Bxd8 Qxd8 27. Qe3 h6 28. Qe8+ 1-0

[Event "Server NA Class C Ch. Rd 1, S10012"]
[Site "CCLA"]
[Date "2021.04.23"]
[Round "?"]
[White "Cangelosi, Dominic"]
[Black "Burrus, Michael"]
[Result "0-1"]
[WhiteElo "1422"]
[BlackElo "1555"]

1. d4 e6 2. e3 Nf6 3. c3 b6 4. Qf3 Nc6 5. Bd3 Bb7 6. Qe2 Nxd4 7. exd4 Bxg2
8. f3 Bxh1 9. Bg5 Be7 10. Nd2 Bxf3 11. Ngxf3 h6 12. Bh4 Nh5 13. Bxe7 Qxe7 
14. O-O-O Nf4 15. Qe4 Nxd3+ 16. Qxd3 O-O 17. h4 Rfc8 18. Rh1 Qd6 19. Ng5 
hxg5 20. hxg5 Kf8 21. Qh7 Qf4 22. Qh8+ Ke7 23. Qxg7 Rg8 24. Qf6+ Qxf6 0-1

[Event "Server NA Class C Ch. Rd 1, S10012"]
[Site "CCLA"]
[Date "2021.04.23"]
[Round "?"]
[White "Cangelosi, Dominic"]
[Black "Ishler, Mark P."]
[Result "0-1"]
[WhiteElo "1422"]
[BlackElo "1661"]

1. d4 Nf6 2. c4 e6 3. Nc3 Bb4 4. a3 Bxc3+ 5. bxc3 c5 6. Bg5 Qa5 7. Qb3 
cxd4 8. Qb4 Qxg5 9. Nf3 Qg6 10. cxd4 Nc6 11. Qc3 O-O 12. e3 d5 13. g3 Qg4 
14. Be2 Qf5 15. Nh4 Ne4 16. Nxf5 Nxc3 17. c5 exf5 18. Bf3 Ne4 19. Rc1 Re8 
20. h4 Nxd4 21. Bxe4 Rxe4 22. Rc3 Nb5 23. Rb3 a6 24. Ke2 Nd4+ 0-1

[Event "Server NA Class C Ch. Rd 1, S10012"]
[Site "CCLA"]
[Date "2021.04.23"]
[Round "?"]
[White "Gunning, Edward E."]
[Black "Burrus, Michael"]
[Result "1-0"]
[WhiteElo "1469"]
[BlackElo "1555"]

1. d4 e6 2. e4 d5 3. Nc3 Nf6 4. e5 Nfd7 5. Nf3 a6 6. a3 c5 7. b3 cxd4 8. 
Qxd4 Nc6 9. Qf4 Be7 10. Bd3 Ndxe5 11. Nxe5 Nxe5 12. Bb2 Nxd3+ 13. cxd3 O-O
14. O-O Bf6 15. Qd2 Bd7 16. Ne2 Bxb2 17. Qxb2 Bb5 18. Rfd1 f6 19. a4 Be8 
20. Nf4 e5 21. Ne6 1-0

[Event "Server NA Class C Ch. Rd 1, S10012"]
[Site "CCLA"]
[Date "2021.04.23"]
[Round "?"]
[White "Gunning, Edward E."]
[Black "Ishler, Mark P."]
[Result "0-1"]
[WhiteElo "1469"]
[BlackElo "1661"]

1. d4 Nf6 2. Nc3 d5 3. Nf3 Bf5 4. e3 e6 5. Bd3 Bxd3 6. Qxd3 Nc6 7. O-O Bd6
8. e4 dxe4 9. Nxe4 Nxe4 10. Qxe4 O-O 11. b3 Be7 12. Bb2 Qd5 13. Qe2 a6 14.
 c4 Qf5 15. Rad1 Rad8 16. Ne5 Nb8 17. d5 exd5 18. cxd5 Bf6 19. g4 Qf4 20. 
Rd3 Rfe8 21. Qe3 Bxe5 22. Bxe5 Qxe5 23. Re1 Qxe3 24. fxe3 Re4 25. h3 Nd7 
26. d6 c6 27. Kf2 Re6 28. Red1 Nc5 29. Rd4 Ne4+ 30. Kf3 Nxd6 31. e4 Rde8 
32. e5 Rxe5 33. Rxd6 Re3+ 34. Kg2 g6 35. Rd8 Rxd8 36. Rxd8+ Kg7 37. Rb8 
Re2+ 38. Kg3 Rxa2 39. Rxb7 Rb2 40. Kh4 c5 41. Rc7 Rxb3 42. Rxc5 Ra3 43. 
Rc7 a5 44. Ra7 Ra1 45. Ra6 a4 46. g5 a3 47. Kg4 a2 48. h4 Rg1+ 0-1

[Event "Server NA Class C Ch. Rd 1, S10012"]
[Site "CCLA"]
[Date "2021.04.23"]
[Round "?"]
[White "Gunning, Edward E."]
[Black "Vecchio, Ralph"]
[Result "0-1"]
[WhiteElo "1469"]
[BlackElo "1412"]

1. e4 e5 2. Nc3 Nf6 3. Nf3 Nc6 4. d4 exd4 5. Nxd4 Bb4 6. Nxc6 bxc6 7. Qd4 
Qe7 8. Bd2 c5 9. Qe3 d6 10. Bb5+ Bd7 11. Bxd7+ Qxd7 12. e5 Ng4 13. exd6+ 
Nxe3 0-1

[Event "Server NA Class C Ch. Rd 1, S10012"]
[Site "CCLA"]
[Date "2021.04.23"]
[Round "?"]
[White "Vecchio, Ralph"]
[Black "Burrus, Michael"]
[Result "1-0"]
[WhiteElo "1412"]
[BlackElo "1555"]

1. e4 e6 2. d4 d5 3. e5 c5 4. c3 Nc6 5. Nf3 Bd7 6. Be2 f6 7. O-O cxd4 8. 
cxd4 Qb6 9. Nc3 Nge7 10. Re1 a6 11. Na4 Qa7 12. Qc2 Nxd4 13. Nxd4 Qxd4 14.
 Nc5 Rc8 15. Be3 Qxe5 16. Qb3 Bc6 17. Nd3 Qb8 18. Bh5+ Ng6 19. Bf4 Bd6 20.
 Rxe6+ Kd7 21. Rxd6+ Qxd6 22. Bg4+ 1-0

[Event "Server NA Class C Ch. Rd 1, S10012"]
[Site "CCLA"]
[Date "2021.04.23"]
[Round "?"]
[White "Vecchio, Ralph"]
[Black "Ishler, Mark P."]
[Result "0-1"]
[WhiteElo "1412"]
[BlackElo "1661"]

1. e4 c5 2. Nf3 d6 3. d4 cxd4 4. Nxd4 Nf6 5. Nc3 a6 6. Be2 e5 7. Nb3 Be7 
8. O-O O-O 9. Bd3 b5 10. Be3 Bb7 11. f3 Nbd7 12. a3 Rc8 13. Ne2 Nc5 14. 
Ng3 Nxd3 15. Qxd3 Qc7 16. Nf5 Rfd8 17. c3 d5 18. Rac1 dxe4 19. Qe2 exf3 
20. gxf3 Bf8 21. Nc5 Bxc5 22. b4 Bxe3+ 23. Nxe3 e4 24. f4 Nd5 25. Nf5 g6 
26. Nd4 Nxf4 27. Qg4 Nd3 28. Nf5 Qb6+ 29. Nd4 Rxd4 30. Rcd1 Rdc4+ 31. Kh1 
e3+ 0-1

[Event "Server NA Class C Ch. Rd 1, S10012"]
[Site "CCLA"]
[Date "2021.04.23"]
[Round "?"]
[White "Vecchio, Ralph"]
[Black "Cangelosi, Dominic"]
[Result "1-0"]
[WhiteElo "1412"]
[BlackElo "1422"]

1. e4 d5 2. exd5 Qxd5 3. Nc3 Qe5+ 4. Be2 Bg4 5. d4 Bxe2 6. Ngxe2 Qd6 7. 
Bf4 Qd8 8. O-O e6 9. Qd3 a6 10. Rfe1 Bd6 11. Ne4 Nf6 12. Bg5 Be7 13. N2g3 
Qd5 14. c4 Qd8 15. a3 Nbd7 16. Nh5 Nxh5 17. Qf3 Ndf6 18. Nc5 Bxc5 19. dxc5
c6 20. Rad1 Qc7 21. b4 O-O 22. g4 h6 23. Bxh6 gxh6 24. gxh5 Qe7 25. Kh1 
Kh7 26. Qd3+ Kh8 27. Qd2 Ng4 28. Qd4+ Nf6 29. Rg1 {Black withdrawn} 1-0

[Event "Server NA Class C Ch. Rd 1, S10012"]
[Site "CCLA"]
[Date "2021.04.23"]
[Round "?"]
[White "Vecchio, Ralph"]
[Black "Gunning, Edward E."]
[Result "1-0"]
[WhiteElo "1412"]
[BlackElo "1469"]

1. e4 c5 2. Nf3 Nc6 3. d4 d6 4. d5 Ne5 5. Nxe5 dxe5 6. Nc3 e6 7. Bb5+ Bd7 
8. dxe6 fxe6 9. Qh5+ g6 10. Qf3 Bxb5 11. Nxb5 Qa5+ 12. Nc3 Bg7 13. Bg5 h6 
14. Bd2 Qb6 15. O-O-O Nf6 16. Qe2 a6 17. Be3 Qa5 18. Qc4 Kf7 19. f4 Rad8 
20. fxe5 Nd7 21. Rhf1+ Kg8 22. Qxe6+ Kh7 23. Rf7 Nf8 24. Rxg7+ Kxg7 25. 
Qe7+ Kg8 26. Rxd8 1-0

[Event "Server NA Class C Ch. Rd 1, S10012"]
[Site "CCLA"]
[Date "2021.04.23"]
[Round "?"]
[White "Cangelosi, Dominic"]
[Black "Vecchio, Ralph"]
[Result "0-1"]
[WhiteElo "1422"]
[BlackElo "1412"]

1. d4 d5 2. e3 Nf6 3. Bd3 e6 4. Nd2 c6 5. c3 b6 6. f4 Nbd7 7. Ngf3 Bb7 8. 
O-O Be7 9. Ne5 O-O 10. Ndf3 Qc7 11. Ng5 Ne4 12. Nxe4 dxe4 13. Nxd7 Qxd7 
14. Bxe4 f5 15. Bc2 Rad8 16. Rf3 c5 17. Rh3 Rf6 18. Qe2 Rg6 19. Bd2 Qc6 
20. Rg3 Bh4 21. Rxg6 hxg6 22. Rf1 b5 23. Rf3 Kf7 24. Rh3 Rh8 25. Be1 Bf2+ 
26. Qxf2 Rxh3 27. Bd1 Rh8 28. Bf3 Qc7 29. Qg3 Bxf3 30. Qxf3 Rd8 31. Bh4 
Rh8 32. Bg5 Rc8 {White withdrawn} 0-1

[Event "Server NA Class C Ch. Rd 1, S10012"]
[Site "CCLA"]
[Date "2021.04.23"]
[Round "?"]
[White "Gunning, Edward E."]
[Black "Cangelosi, Dominic"]
[Result "0-1"]
[WhiteElo "1469"]
[BlackElo "1422"]

1. d4 f5 2. Nf3 Nf6 3. Nc3 e6 4. e3 d5 5. e4 dxe4 6. Ne5 a6 7. a3 Bd6 8. 
Bf4 Nbd7 9. Bc4 Nb6 10. Bb3 g5 11. Bxg5 Qe7 12. Bh6 Nbd7 13. Nxd7 Bxd7 14.
 O-O Bxh2+ 15. Kh1 O-O-O 16. g3 Rdg8 17. Ne2 {Adjudicated} 0-1

[Event "Server NA Class C Ch. Rd 1, S10012"]
[Site "CCLA"]
[Date "2021.04.23"]
[Round "?"]
[White "Cangelosi, Dominic"]
[Black "Gunning, Edward E."]
[Result "0-1"]
[WhiteElo "1422"]
[BlackElo "1469"]

1. d4 d5 2. e3 Nf6 3. Bd3 Nc6 4. Nd2 e5 5. c3 e4 6. Bc2 Be7 7. f3 exf3 8. 
Ngxf3 O-O 9. Ng5 g6 10. Ndf3 Bd6 11. e4 dxe4 12. Nxe4 Nxe4 13. Bxe4 Re8 
14. Ng5 Qf6 15. Rf1 Bf5 16. g4 Rxe4+ 17. Nxe4 Qh4+ 18. Rf2 Bxe4 19. Qd2 
Bxh2 {Adjudicated} 0-1

[Event "2021 N.A. Class D Champ., S10014"]
[Site "CCLA"]
[Date "2021.04.23"]
[Round "?"]
[White "Sandora, John"]
[Black "Hodgkins, Neil C."]
[Result "1/2-1/2"]
[WhiteElo "1368"]
[BlackElo "1383"]

1. d4 Nf6 2. Nf3 d5 3. e3 Bf5 4. c4 e6 5. Nc3 Bb4 6. Bd2 O-O 7. cxd5 Nxd5 
8. Nxd5 Bxd2+ 9. Qxd2 exd5 10. Bd3 Bxd3 11. Qxd3 Nc6 12. O-O Ne7 13. Rfc1 
c6 14. Rc2 Qd7 15. Rac1 f6 16. b4 a6 17. a3 Rac8 18. h3 Qf5 19. Qxf5 Nxf5 
20. Nd2 Nd6 21. Nb3 Rf7 22. Nd2 f5 23. f4 Re7 24. Kf2 Rec7 25. Kf3 h6 26. 
Rg1 b5 27. Rgc1 Ne4 28. Nxe4 fxe4+ 29. Kf2 g6 30. g4 Kf7 31. Rg1 Kf6 32. 
Rgc1 Ke6 33. Kg3 Kf6 34. Rf1 Rg8 35. Rfc1 Rgc8 36. Rf1 Rg8 1/2-1/2

[Event "2021 N.A. Class D Champ., S10014"]
[Site "CCLA"]
[Date "2021.04.23"]
[Round "?"]
[White "Sandora, John"]
[Black "Williams, Rufus H."]
[Result "1-0"]
[WhiteElo "1368"]
[BlackElo "1209"]

1. d4 Nf6 2. Nf3 d5 3. e3 e6 4. Bd3 Be7 5. O-O c5 6. c3 c4 7. Bc2 b6 8. 
Nbd2 Ba6 9. e4 O-O 10. e5 Ne4 11. Nxe4 dxe4 12. Bxe4 Nd7 13. Bxa8 Qxa8 14.
 Re1 b5 15. a3 Bb7 16. Be3 Nb6 17. Qe2 Nd5 18. h3 f6 19. Nh2 fxe5 20. dxe5
Nxe3 21. fxe3 Rf5 22. Nf3 Bc5 23. Rf1 Rh5 24. Rf2 Qe8 25. Kh2 a6 26. Raf1 
Be4 27. Qd2 a5 28. g4 Rh6 29. Nd4 Qe7 30. Nf3 Bd3 31. Rg1 Qc7 32. Rfg2 Be4
33. Qf2 Bxf3 34. Qxf3 Qxe5+ 35. Qf4 Qxf4+ 36. exf4 Bxg1+ 37. Rxg1 Kf8 38. 
Re1 Rf6 39. Kg3 g6 40. Re5 Ke7 41. Rxb5 Kd6 42. Rxa5 Rf7 43. Rb5 Ra7 44. 
Kf3 Kc6 45. Rb8 Kc5 46. Rd8 Rb7 47. Rd2 Rb8 48. Ke4 Rb7 49. g5 Rc7 50. Ke3
Rb7 51. Ke4 Rb8 52. Ke5 Rb6 53. h4 Rb8 54. Kxe6 Rf8 55. Rf2 Kc6 56. f5 1-0

[Event "2021 N.A. Class D Champ., S10014"]
[Site "CCLA"]
[Date "2021.04.23"]
[Round "?"]
[White "Sandora, John"]
[Black "Van Tuyl, Mark"]
[Result "1-0"]
[WhiteElo "1368"]
[BlackElo "1234"]

1. d4 d5 2. Nf3 Nf6 3. e3 e6 4. Bd3 c6 5. O-O Bd6 6. Nbd2 O-O 7. e4 dxe4 
8. Nxe4 Nxe4 9. Bxe4 b5 10. Be3 Qc7 11. c3 Ba6 12. Re1 Nd7 13. Qc2 g6 14. 
Bh6 Rfe8 15. h3 Nf6 16. b4 Nxe4 17. Qxe4 f5 18. Qe2 Bb7 19. Ne5 Bxe5 20. 
Qxe5 Qxe5 21. Rxe5 Kf7 22. Rae1 Bc8 23. Bf4 Bd7 24. R5e2 a6 25. g3 a5 26. 
Bd6 axb4 27. Bxb4 h5 28. h4 Rac8 29. f4 Rc7 30. a3 c5 31. dxc5 Bc6 32. Rd2
Rd7 33. Rxd7+ Bxd7 34. Rd1 Bc6 35. Kf2 Re7 36. Rd6 Rc7 37. Ke3 Kf6 38. Kd4
Rd7 39. c4 Rxd6+ 40. cxd6 bxc4 41. Kxc4 Kf7 42. Bc3 Bd5+ 43. Kb5 Ke8 44. 
a4 Kd7 45. Kc5 Bc6 46. a5 Bf3 47. a6 Kc8 48. Kd4 Kd7 49. Ke5 Bd5 50. Bb4 
Bc6 51. Kf6 Bb5 52. a7 Bc6 53. Kxg6 Kc8 54. Kxh5 Kb7 55. Kg5 Kxa7 56. h5 
e5 57. fxe5 Be4 58. d7 f4 59. gxf4 Bc6 60. d8=Q Kb7 61. Bc5 Ka6 62. Qb6# 
1-0